000 01052nam a2200265Ia 4500
005 20240530095707.0
008 140319s2006 xx 000 0 ara d
040 _aGCL /
_cGCL
082 0 4 _a362.4 /
_bن م
100 1 _aنظيمة احمد محمود سرحان
245 1 0 _aمنهاج الخدمة الاجتماعية لرعاية المعاقين /
_cنظيمة احمد محمود سرحان
250 _aالاولى
260 _aالقاهرة :
_bدار الفكر العربى،
_c2006
300 _a348 ص ؛
_c24 سم
650 0 4 _aالتأهيل المهنى
650 0 4 _aالمعوقون - تشغيل
650 0 4 _aالمعوقون - رعاية وعلاج
650 0 4 _aالمعوقون - تعليم
650 0 4 _aالمعوقون - رعاية اجتماعية
650 0 4 _aضعاف العقول - رعاية اجتماعية
650 0 4 _aالمكفوفون - رعاية اجتماعية
650 0 4 _aالصم - رعاية اجتماعية
942 _2ddc
_cBK
999 _c9620
_d9620